| 000 | 00974cam a22002411i 4500 | ||
|---|---|---|---|
| 003 | SA-RiAUC | ||
| 005 | 20250801141737.0 | ||
| 008 | 250731q19001999ua g 000 0 ara c | ||
| 040 |
_aSA-JeALM _bara _cSA-RiAUC _erda |
||
| 050 | 4 | _b.J35 | |
| 082 | 0 | 4 | _a232.64 |
| 090 |
_a232.64 _bج ل ا |
||
| 100 | 1 |
_aالجلال السيوطي، عبد الرحمن بن أبي بكر بن محمد، _d849-911 هجري _eمؤلف. |
|
| 245 | 1 | 2 |
_aاللآلىء المصنوعة في الأحاديث الموضوعة / _cجلال الدين عبد الرحمن السيوطي. |
| 264 | 1 |
_aالقاهرة : _bالمكتبة التجارية الكبرى، _c[بين 1900 و1999] |
|
| 300 |
_aمجلد . _c24 سم. |
||
| 336 |
_aنص _btxt _2rdacontent _3كتاب |
||
| 337 |
_aبدون وسيط _bn _2rdamedia |
||
| 338 |
_aمجلد _bnc _2rdacarrier |
||
| 650 | 7 |
_aالحديث الموضوع _2aucsh |
|
| 942 |
_2ddc _cBOOK _n0 |
||
| 949 |
_aSA-JeALM _d250731 _uosman123 _n1 |
||
| 999 |
_c10422 _d10422 |
||